000 00457cam a2200145 4500500
005 20251012032459.0
041 _afre
042 _adc
100 1 0 _aLévi, Florence
_eauthor
245 0 0 _aJean-Pierre Laurant, Le Regard ésotérique, Bayard, 2001.
260 _c2001.
500 _a99
786 0 _nSigila | 8 | 2 | 2001-12-20 | p. 210-211 | 1286-1715
856 4 1 _uhttps://shs.cairn.info/revue-sigila-2001-2-page-210?lang=fr&redirect-ssocas=7080
999 _c1547432
_d1547432